Henryk Sandomierski (1126/1133-18.10.1166)

Titel: Henryk Sandomierski (1126/1133-18.10.1166) / Agnieszka Teterycz-Puzio
Verfasser:
Veröffentlicht: Kraków : Wydawn. Avalon, 2009
Umfang: 165 S.
Format: Buch
Sprache: Polnisch
Schlagworte:
ISBN: 9788360448595
Buchumschlag
X
Lokale Klassifikation: 2 H 1596 ; 32 7 C ; 37 7 C
alg: 21531068
001A    $03004:31-08-09 
001B    $01999:03-06-23 $t04:25:02.000 
001C    $03004:31-08-09 $t15:45:37.000 
001D    $03004:31-08-09 
001U    $0utf8 
001X    $00 
002@    $0Aau 
003@    $0215310683 
003O    $0610157304 $aOCoLC 
004A    $A978-83-60448-59-5 
007A    $0215310683 $aHEB 
007G    $0DE0204D80221E84BD1DCFC125793A0050BF89 
007T    $0Herdhh215310683 
009P    $qapplication/pdf $A2 $3Inhaltsverzeichnis $uhttp://scans.hebis.de/HEBCGI/show.pl?21531068_toc.pdf $mV:DE-603;B:DE-Mb50 
010@    $apol 
011@    $a2009 
021A    $aHenryk Sandomierski (1126/1133-18.10.1166) $hAgnieszka Teterycz-Puzio 
028A    $#Puzio, Agnieszka Teterycz- $7138246181 $8Teterycz-Puzio, Agnieszka$Z1971- [Tp3] $9212501631 
033A    $pKraków $nWydawn. Avalon 
034D    $a165 S. 
044K    $RBolesław $RWładysław $RBolesław $RMieszko $RJudith $RKasimir $#Henryk  $#Jindřich Sandoměřský $71036127559 $8$PHenryk$lSandomir, Herzog$Z1130-1166 [Tp1] $9322791707 
044K    $RKreuzzüge $#Crusades Second, 1147-1149 $#Croisades 2e croisade (1147-1149) $#Seconda crociata <1147-1149> $#Cruzadas 1147-1149 (Segunda) $#2. Kreuzzug $#Zweiter Kreuzzug $74139117-2 $8Kreuzzug$g1147-1149 [Ts1] $9085528358 
045F    $a900.943809021 $eDDC23BSB 
045F/01 $a900 
045F/03 $f09021 
045F/03 $f09022 
045F/03 $g438 
045F/03 $g4386 
045G    $a001.0943809021 $eDDC23BSB 
045G/01 $a001.09 
045G/03 $f09021 
045G/03 $g438 
045R    $aGeschichte 1130-1166 
046M    $aLiteraturverz. S. 141 - 158 
047C    $a1126/1133-18.X.1166 1126/1133-18 X 1166 

lok: 21531068 24
101B    $016-10-09 $t13:06:02.000 
101C    $016-10-09 
101U    $0utf8 
145Z/01 $a2 H 1596 
145Z/02 $a32 7 C 
145Z/03 $a37 7 C 

exp: 21531068 24 1 #EPN
201B/01 $016-10-09 $t13:06:02.000 
201C/01 $031-08-09 
201U/01 $0utf8 
203@/01 $0581116933 
208@/01 $a16-10-09 $bz 
209A/01 $a09.5472 $du $f050 $h09 5472 $x00 
209C/01 $a09.5472 K $h09 5472 K 
209G/01 $a72494628 $x00 
220C/01 $agro 
247C/01 $8358050-7 Marburg, Bibliothek des Herder-Instituts Marburg $9102600961 

lok: 21531068 78

exp: 21531068 78 1 #EPN
201B/01 $019-04-17 $t21:47:25.000 
201U/01 $0utf8 
203@/01 $0793342929 
208@/01 $a12-11-16 $be 
209A/01 $a/ $f000 $x00 
237A/01 $aweiterführende Signatur(en): Herder-Institut: 09.5472 
244Z/01 $2Trx $8--Trx--Monographie $x01 $9391384546 
247C/01 $82080>Marburg/Lahn, Herder-Institut, Forschungsbibliothek, Bibliographieportal $9336309341
LEADER 00000cam a2200000 c 4500
001 215310683
003 DE-603
005 20230603042502.0
007 tu
008 090831s2009 xx |||| | u00||u|pol c
020 |a 9788360448595 
035 |a (DE-599)HEB215310683 
035 |a (OCoLC)610157304 
040 |a DE-603  |b ger  |c DE-603  |d DE-603 
041 |a pol 
082 0 4 |8 1\u  |a 900.943809021  |q DE-101  |2 23/BSB 
083 0 |8 2\u  |a 001.0943809021  |q DE-101  |2 23/BSB 
085 |8 1\u  |b 900 
085 |8 1\u  |z 1  |s 09021 
085 |8 1\u  |z 1  |s 09022 
085 |8 1\u  |z 2  |s 438 
085 |8 1\u  |z 2  |s 4386 
085 |8 2\u  |b 001.09 
085 |8 2\u  |z 1  |s 09021 
085 |8 2\u  |z 2  |s 438 
100 1 |a Teterycz-Puzio, Agnieszka  |d 1971-  |0 (DE-603)212501631  |0 (DE-588)138246181  |2 gnd 
245 0 0 |a Henryk Sandomierski (1126/1133-18.10.1166)  |c Agnieszka Teterycz-Puzio 
246 1 0 |a 1126/1133-18.X.1166 1126/1133-18 X 1166 
264 1 |a Kraków  |b Wydawn. Avalon  |c 2009 
300 |a 165 S. 
504 |a Literaturverz. S. 141 - 158 
600 0 7 |a Henryk  |c Sandomir, Herzog  |d 1130-1166  |0 (DE-588)1036127559  |0 (DE-603)322791707  |2 gnd 
648 7 |a Geschichte 1130-1166  |2 gnd 
650 7 |a Kreuzzug  |g 1147-1149  |0 (DE-588)4139117-2  |0 (DE-603)085528358  |2 gnd 
856 4 2 |m V:DE-603;B:DE-Mb50  |q application/pdf  |u http://scans.hebis.de/HEBCGI/show.pl?21531068_toc.pdf  |3 Inhaltsverzeichnis 
924 0 |9 Mb 50  |a (DE-603)581116933  |b DE-Mb50  |c HES  |d c  |g 09.5472 
924 0 |9 2080  |a (DE-603)793342929  |b DE-2080  |c HES  |d d  |g /